000 00236nam a22000857a 4500
008 160712b xxu||||| |||| 00| 0 eng d
100 _92617
_a Wiebe, K.F
245 _aAone: A Window's Search for Joy
260 _aIllinois
_b Tyndale House
_c1976
999 _c2272
_d2272